[Event "Niederbayernliga 0910"]
[Site "Germany"]
[Date "2010.02.28"]
[Round "7.8"]
[White "Steiner, Johannes"]
[Black "Eu, Ching Hwa"]
[Result "0-1"]
[WhiteElo "1722"]
[BlackElo "1699"]
[PlyCount "68"]
[EventDate "2009.10.18"]
[EventType "team-tourn"]
[EventRounds "9"]
[EventCountry "GER"]
[SourceTitle "EXT 2011"]
[Source "ChessBase"]
[SourceDate "2010.11.26"]
[SourceVersion "1"]
[SourceVersionDate "2010.11.26"]
[SourceQuality "1"]
[WhiteTeam "Ergolding"]
[BlackTeam "Landau Dingolfing"]
[WhiteTeamCountry "GER"]
[BlackTeamCountry "GER"]

1. Nf3 Nf6 2. d4 g6 3. Nbd2 Bg7 4. e4 d6 5. Bd3 0-0 6. 0-0 c5 7. d5 e6 8. c4 Na6 9. a3 Nc7 10. Rb1 exd5 11. exd5 a6 12. Ne4 Nxe4 13. Bxe4 b5 14. b3 Bg4 15. h3 Bxf3 16. Bxf3 Rb8 17. Bf4 Qf6 18. Qd2 Rb6 19. b4 bxc4 20. bxc5 c3 21. Rxb6 cxd2 22. Bxd6 Na8 23. Bxf8 Nxb6 24. Bxg7 Kxg7 25. cxb6 Qxb6 26. Rd1 Qd4 27. Kf1 Qd3+ 28. Kg1 Kf6 29. Kh2 Ke5 30. Kg3 Kd6 31. Kf4 Qd4+ 32. Kg3 Qe5+ 33. Kg4 h5+ 34. Kh4 Qf4+ 0-1

[Event "Niederbayernliga 0607"]
[Site "Germany"]
[Date "2006.??.??"]
[Round "4.7"]
[White "Steiner, Johannes"]
[Black "Maier, Konrad"]
[Result "1-0"]
[WhiteElo "1726"]
[BlackElo "1636"]
[PlyCount "39"]
[EventDate "2006.??.??"]
[EventType "team-tourn"]
[EventRounds "9"]
[EventCountry "GER"]
[SourceTitle "EXT 2008"]
[Source "ChessBase"]
[SourceDate "2007.11.25"]
[SourceVersion "1"]
[SourceVersionDate "2007.11.25"]
[SourceQuality "1"]
[WhiteTeam "Ergolding"]
[BlackTeam "Eggenfelden"]
[WhiteTeamCountry "GER"]
[BlackTeamCountry "GER"]

1. e4 e6 2. d4 d5 3. Nc3 Ne7 4. Bd3 Ng6 5. Nf3 Be7 6. Be3 0-0 7. a3 dxe4 8. Nxe4 Nd7 9. Nfg5 Nf6 10. h4 Nxe4 11. Bxe4 h6 12. Nxf7 Kxf7 13. Qh5 Bf6 14. Bxg6+ Kg8 15. g4 Bxd4 16. Rd1 e5 17. c3 Qd5 18. Rg1 Qf3 19. cxd4 Bxg4 20. Qxg4 1-0

[Event "Niederbayernliga 0506"]
[Site "Germany"]
[Date "2006.??.??"]
[Round "8"]
[White "Steiner, Johannes"]
[Black "Wolf, Andreas"]
[Result "1/2-1/2"]
[WhiteElo "1766"]
[BlackElo "1860"]
[PlyCount "99"]
[EventDate "2005.??.??"]
[EventType "team-tourn"]
[EventRounds "9"]
[EventCountry "GER"]
[SourceTitle "EXT 2008"]
[Source "ChessBase"]
[SourceDate "2007.11.25"]
[SourceVersion "1"]
[SourceVersionDate "2007.11.25"]
[SourceQuality "1"]
[WhiteTeam "Ergolding"]
[BlackTeam "Grafenau"]
[WhiteTeamCountry "GER"]
[BlackTeamCountry "GER"]

1. d4 f5 2. c4 Nf6 3. Nf3 e6 4. Nbd2 b6 5. e3 Bb7 6. Be2 Be7 7. 0-0 0-0 8. a3 Kh8 9. b4 Qe8 10. Ne5 d6 11. Bf3 Ne4 12. Nd3 Nd7 13. Nf4 Bg5 14. Nxe4 fxe4 15. Bh5 Qe7 16. Bg4 Bxf4 17. exf4 d5 18. c5 Ba6 19. Re1 Bc4 20. Be3 Nf6 21. Bh3 g6 22. g3 Kg7 23. Qd2 Rfb8 24. Qc3 h5 25. Bg2 b5 26. a4 h4 27. h3 hxg3 28. fxg3 c6 29. h4 Kf7 30. axb5 Bxb5 31. Ra5 Ng4 32. Bd2 Nh6 33. Bh3 Nf5 34. Bxf5 gxf5 35. Rea1 a6 36. Kf2 Rg8 37. Rh1 Rg4 38. Raa1 Rag8 39. Rag1 Qf6 40. Qe3 Bd3 41. Rh3 Kg6 42. Ra1 Kh5 43. Rg1 Rb8 44. Ra1 Rg7 45. Bc3 Qg6 46. Qd2 Kh6 47. Qd1 Bc4 48. Ra3 Rgb7 49. Ra5 Qg7 50. Rh1 1/2-1/2

[Event "Niederbayernliga 0405"]
[Site "Germany"]
[Date "2005.??.??"]
[Round "9"]
[White "Stauber, Volker"]
[Black "Steiner, Johannes"]
[Result "0-1"]
[WhiteElo "1880"]
[BlackElo "1748"]
[PlyCount "77"]
[EventDate "2004.??.??"]
[EventType "team-tourn"]
[EventRounds "9"]
[EventCountry "GER"]
[SourceTitle "EXT 2008"]
[Source "ChessBase"]
[SourceDate "2007.11.25"]
[SourceVersion "1"]
[SourceVersionDate "2007.11.25"]
[SourceQuality "1"]
[WhiteTeam "Passau II"]
[BlackTeam "Ergolding"]
[WhiteTeamCountry "GER"]
[BlackTeamCountry "GER"]

1. d4 Nf6 2. Bg5 Ne4 3. Bh4 g5 4. Bg3 Bg7 5. c3 h5 6. f3 Nxg3 7. hxg3 d5 8. Nh3 Qd6 9. f4 Bxh3 10. Rxh3 gxf4 11. gxf4 Qxf4 12. Rf3 Qd6 13. Nd2 e6 14. e4 Bh6 15. e5 Qb6 16. Nb3 Nd7 17. a4 c6 18. Rh3 0-0-0 19. a5 Qc7 20. Rxh5 f6 21. Qe2 fxe5 22. dxe5 Bf4 23. Nd4 Rxh5 24. Qxh5 Qxe5+ 25. Qxe5 Bxe5 26. Nxe6 Re8 27. 0-0-0 Rxe6 28. Bd3 Kc7 29. Bf5 Re7 30. g4 Bf4+ 31. Kb1 Nc5 32. Rf1 Bg5 33. Bc2 Ne4 34. Rf5 Rg7 35. Ka2 b6 36. c4 Nd6 37. Rf8 Nxc4 38. a6 Ne3 39. Bf5 0-1

[Event "Niederbayernliga 0405"]
[Site "Germany"]
[Date "2005.??.??"]
[Round "7"]
[White "Steiner, Johannes"]
[Black "Hacker, Alfons"]
[Result "1-0"]
[WhiteElo "1748"]
[BlackElo "1822"]
[PlyCount "135"]
[EventDate "2004.??.??"]
[EventType "team-tourn"]
[EventRounds "9"]
[EventCountry "GER"]
[SourceTitle "EXT 2008"]
[Source "ChessBase"]
[SourceDate "2007.11.25"]
[SourceVersion "1"]
[SourceVersionDate "2007.11.25"]
[SourceQuality "1"]
[WhiteTeam "Ergolding"]
[BlackTeam "Deggendorf"]
[WhiteTeamCountry "GER"]
[BlackTeamCountry "GER"]

1. e4 c5 2. Nf3 d6 3. d4 cxd4 4. Nxd4 Nf6 5. Nc3 a6 6. Be2 e6 7. Be3 Be7 8. Qd2 0-0 9. a4 b6 10. 0-0 Bb7 11. f3 Nbd7 12. Na2 Qc7 13. c4 Rac8 14. Rac1 Qb8 15. b4 d5 16. cxd5 exd5 17. Nf5 Rfe8 18. Bf4 Ne5 19. Rxc8 Bxc8 20. Nxe7+ Rxe7 21. exd5 Qd6 22. Rd1 Bb7 23. Qd4 Qxd5 24. Bxe5 Qxd4+ 25. Bxd4 Rxe2 26. Nc3 Rc2 27. Bxb6 h5 28. Rd8+ Kh7 29. Bd4 h4 30. Rb8 Nd5 31. Rxb7 Nxc3 32. Bxc3 Rxc3 33. Rxf7 Rc4 34. Rb7 a5 35. bxa5 Rxa4 36. Rb5 Kh6 37. g3 h3 38. g4 Ra2 39. Rh5+ Kg6 40. Rxh3 Rxa5 41. Kg2 Ra2+ 42. Kg3 Ra1 43. Rh5 Ra3 44. Rf5 Ra1 45. h4 Rg1+ 46. Kf4 Ra1 47. h5+ Kh6 48. Re5 Ra7 49. Re6+ Kh7 50. g5 Ra4+ 51. Re4 Ra8 52. Kg4 Rb8 53. f4 Ra8 54. Re6 Rb8 55. h6 gxh6 56. Rxh6+ Kg7 57. f5 Rb4+ 58. Kh5 Rb1 59. f6+ Kg8 60. Kg6 Rb7 61. Rh4 Rg7+ 62. Kf5 Rb7 63. Re4 Rb5+ 64. Re5 Rb8 65. g6 Kf8 66. g7+ Kf7 67. Re7+ Kg8 68. Kg6 1-0

[Event "Niederbayernliga 0405"]
[Site "Germany"]
[Date "2004.??.??"]
[Round "4"]
[White "Kandler, Erich"]
[Black "Steiner, Johannes"]
[Result "0-1"]
[WhiteElo "1645"]
[BlackElo "1748"]
[PlyCount "70"]
[EventDate "2004.??.??"]
[EventType "team-tourn"]
[EventRounds "9"]
[EventCountry "GER"]
[SourceTitle "EXT 2008"]
[Source "ChessBase"]
[SourceDate "2007.11.25"]
[SourceVersion "1"]
[SourceVersionDate "2007.11.25"]
[SourceQuality "1"]
[WhiteTeam "Deggendorf II"]
[BlackTeam "Ergolding"]
[WhiteTeamCountry "GER"]
[BlackTeamCountry "GER"]

1. d4 Nf6 2. c4 e6 3. Nf3 d5 4. c5 b6 5. b4 a5 6. bxa5 bxc5 7. dxc5 Bxc5 8. e3 0-0 9. Bd3 Ba6 10. 0-0 Ne4 11. Re1 Qf6 12. Re2 Qxa1 13. Bb2 Qxa2 14. Ba3 Qxa3 15. Nxa3 Nc3 16. Qc2 Nxe2+ 17. Qxe2 Bxa3 18. Ng5 h6 19. Nf3 Bd6 20. Nd4 Bxd3 21. Qxd3 c5 22. Nb5 Rxa5 23. g3 c4 24. Qb1 Be5 25. Kg2 Nc6 26. f4 Rb8 27. fxe5 Raxb5 28. Qa1 Rb2+ 29. Kh3 Nxe5 30. Qc1 f5 31. e4 Nd3 32. Qg1 Nf2+ 33. Kh4 Nxe4 34. h3 Kh7 35. g4 g5+ 0-1